| 000 | 01300naa a22003137a 4500 | ||
|---|---|---|---|
| 001 | BR8107042 | ||
| 003 | BR-BrBNA | ||
| 005 | 20240918175048.0 | ||
| 007 | ta | ||
| 008 | 230509b bl.||||| |||| 00| 0 por d | ||
| 040 |
_aBR-BrBNA _bpor _cBiblioteca Nacional de Agricultura |
||
| 041 | _a(Pt) | ||
| 072 |
_aH20 _b0180 _b4120 _b3875 |
||
| 090 | _aH20 BR8107042 | ||
| 100 | 1 | _aFernandes, F.M. | |
| 111 | 1 |
_a7. Reuniao da Comissao Norte Brasileira de Pesquisa de Trigo _cPonta Grossa, PR (Brazil) _d12-26 Jan 1981 |
|
| 245 | 1 | _aCampo de demonstracao da eficiencia do controle quimico sobre as doencas do trigo [Triticum spp, fungo, fungicida] | |
| 260 | 3 |
_aDourados, MS (Brasil): _c1981. |
|
| 500 | _aResultados de pesquisa com trigo obtidos na Unidade de Execucao de Pesquisa de Ambito Estadual de Dourados em 1980 Dourados, MS (Brasil): 1981. p. 157-159 (BR8107042-AM)H20 | ||
| 650 | _aTRIGO | ||
| 650 | _aFUNGO | ||
| 650 | _aFERRUGEM ALARANJADA | ||
| 650 | _aFERRUGEM DO COLMO | ||
| 650 | _aFUNGICIDA | ||
| 650 | _aCONTROLE QUIMICO | ||
| 773 | 0 |
_tResultados de pesquisa com trigo obtidos na Unidade de Execucao de Pesquisa de Ambito Estadual de Dourados em 1980 _wH20 BR8107042 _gDourados, MS (Brasil), 1981. p. 157-159 |
|
| 909 |
_a202404 _bLucia _c55 _dLucia Elande |
||
| 942 |
_cAM _2AGRIS |
||
| 999 |
_c314788 _d314788 |
||